000 01452nam a2200205 i 4500
001 147536
003 ES-MaACL
005 20230906202052.0
007 t|
008 071003m19311933sp a e ||||1| spa d
080 _a66(03)
245 0 0 _aEnciclopedia de química industrial /
_cdirigida por Fritz Ullmann ; versión del alemán bajo la dirección de José Estalella.
260 _aBarcelona :
_bGustavo Gili,
_c[1931-1933]
300 _a14 v. :
_bil. ;
_c28 cm.
505 8 _aContiene: 1. Sección I. Química general -- 2. Sección II. Industria química inorgánica y sus productos. A-Ci -- 3. Sección II. Industria química inorgánica y sus productos. CL-Z -- 4. Sección III. Industria química orgánica y sus productos. A-Ce -- 5. Sección III. Industria química orgánica y sus productos. Ci-Z -- 6. Sección IV. Metalurgia, minería... A-G -- 7. Sección IV. Metalurgia, minería... H-Pi -- 8. Sección IV. Metalurgia, minería... Pl.-Z -- 9. Sección V. Combustibles, alumbrado... -- 10. Sección VI. Productos agrícolas, alimenticios y medicinales. A-D -- 11. Sección VI. Productos agrícolas... E-Z -- 12. Sección VII. Tintorería, curtidos... A-E -- 13. Sección VII. Tintorería... F.-Z -- 14. Apéndice. Índice alfabético general
650 4 _aQuímica industrial-
_vEnciclopedias.
_9166067
700 1 _aUllmann, Fritz.
_9111932
700 1 _aEstalella Graells, José (
_d1879-1938)
_948004
852 4 _aES-MaACL
_jA-2018-31
999 _c147536
_d147536